Street Signs Around the World - Statistics

General Stats
  • This quiz has been taken 77 times
  • The average score is 11 of 20
Answer Stats
Picture Answer % Correct
Russia
90%
United States
90%
France
88%
United Kingdom
85%
India
80%
Japan
77%
Canada
70%
Germany
70%
Thailand
67%
Israel
63%
New Zealand
58%
Brazil
57%
Malaysia
38%
Hungary
35%
Chile
28%
Singapore
28%
Qatar
27%
South Africa
27%
Malta
17%
Nigeria
13%
No matching quizzes found
Score Distribution
Percent of People with Each Score
Percentile by Number Answered
Your Score History
You have not taken this quiz